Effect of some organic manures on growth and chemical composmon of sweet pepper (Capsicum annuum, L.) grown in a sandy soil (Record no. 51064)
[ view plain ]
| 000 -LEADER | |
|---|---|
| fixed length control field | 02189cab a2200313Ia 45 0 |
| 001 - CONTROL NUMBER | |
| control field | u198166 |
| 003 - CONTROL NUMBER IDENTIFIER | |
| control field | SIRSI |
| 008 - FIXED-LENGTH DATA ELEMENTS--GENERAL INFORMATION | |
| fixed length control field | 120212s2004 ua ss b eng d |
| 040 ## - CATALOGING SOURCE | |
| Original cataloging agency | EAL |
| 041 ## - LANGUAGE CODE | |
| Language code of text/sound track or separate title | eng |
| Language code of summary or abstract | ara |
| 090 ## - LOCALLY ASSIGNED LC-TYPE CALL NUMBER (OCLC); LOCAL CALL NUMBER (RLIN) | |
| Classification number (OCLC) (R) ; Classification number, CALL (RLIN) (NR) | ART EJAR V82 No2 SI 7 |
| 100 1# - MAIN ENTRY--PERSONAL NAME | |
| Personal name | Shehata, S. A. |
| 240 10 - UNIFORM TITLE | |
| Uniform title | Egyptian journal of agricultural research, 2004 v. 82 (2), Special issue |
| Medium | [electronic resource]: |
| -- | Second International Conference of Organic Agriculture. |
| 245 10 - TITLE STATEMENT | |
| Title | Effect of some organic manures on growth and chemical composmon of sweet pepper (Capsicum annuum, L.) grown in a sandy soil |
| Medium | [electronic resource]. |
| 246 15 - VARYING FORM OF TITLE | |
| Title proper/short title | تأثير بعض المخصبات العضوية علي نمو و التركيب الكميائي لمحصول الفلفل الحلو المنزرع في تربة رملية. |
| 300 ## - PHYSICAL DESCRIPTION | |
| Extent | p.57-71. |
| 504 ## - BIBLIOGRAPHY, ETC. NOTE | |
| Bibliography, etc. note | Includes references. |
| 520 ## - SUMMARY, ETC. | |
| Summary, etc. | This investigation was carried out to study the effect of some organic manures on growth, and chemical composition of pepper (Capsicum annuum, L.) in a sandy soil during 1999 and 2001 seasons. This investigation included 16 treatments ( NPK, cattle, chicken and compost containing 165 kg N/fed. and their combination). Treatments received NPK + chicken manure + compost at a rate of ( 113+1/3+113 ) increased plant height, number of leaves and stems as well as their fresh weight and increased concentration of N, P and K in leaves and stems. The same treatment increased total yield and physical properties "length, diameter, weight and flesh thickness" and chemical composition "ascorbic acid, acidity, carotiodies and T.S.S" of pepper fruits. Key words: Pepper, (Capsicum annuum, L), N fertilizer, Organic manure, Cattle, Chicken, Compost, Growth, Yield, Chemical composition. |
| 546 ## - LANGUAGE NOTE | |
| Language note | Summary in Arabic. |
| 596 ## - | |
| -- | 1 |
| 650 #0 - SUBJECT ADDED ENTRY--TOPICAL TERM | |
| Topical term or geographic name entry element | Sweet peppers |
| General subdivision | Fertilizers. |
| 650 #0 - SUBJECT ADDED ENTRY--TOPICAL TERM | |
| Topical term or geographic name entry element | Organic fertilizers. |
| 650 #0 - SUBJECT ADDED ENTRY--TOPICAL TERM | |
| Topical term or geographic name entry element | Nitrogen fertilizers. |
| 650 #0 - SUBJECT ADDED ENTRY--TOPICAL TERM | |
| Topical term or geographic name entry element | Manures. |
| 700 1# - ADDED ENTRY--PERSONAL NAME | |
| Personal name | Behairy, A. G. |
| 700 1# - ADDED ENTRY--PERSONAL NAME | |
| Personal name | Fawzy, Z. F. |
| 773 0# - HOST ITEM ENTRY | |
| Title | Egyptian Journal of Agricultural Research. |
| Related parts | 2004.v.82(1)SI |
| International Standard Serial Number | 1110-6336 |
| Control subfield | nnas |
| Record control number | u158585 |
| 856 40 - ELECTRONIC LOCATION AND ACCESS | |
| Uniform Resource Identifier | <a href="http://nile.enal.sci.eg/EALE/2004/EJAR/8204/2si/57.pdf">http://nile.enal.sci.eg/EALE/2004/EJAR/8204/2si/57.pdf</a> |
| Public note | Full Text Article |
| 942 ## - ADDED ENTRY ELEMENTS (KOHA) | |
| Koha item type | Articles |
| Source of classification or shelving scheme | Library of Congress Classification |
No items available.